| 000 | 00920nam a22002897i 4500 | ||
|---|---|---|---|
| 003 | EG-GICUC | ||
| 005 | 20260501223815.0 | ||
| 008 | 260501s1980 su ||||fr|||| 00| 0 eng d | ||
| 040 |
_aEG-GiCUC _beng _cEG-GiCUC _dEG-GiCUC _erda |
||
| 041 | _aeng | ||
| 082 | 0 | 4 |
_221 _a343.91053 _bEF |
| 092 | 0 | 4 | _221 |
| 099 | _aLaw1 10 343.91053 EF 1980 | ||
| 245 |
_aThe Effect Of Islamic Legislation On Crime Prevention In Saudi Arabia / _cMinistry Of Interior. |
||
| 264 |
_aKingdom of Saudi Arabia : _bMinistry Of Interior , _c1980 . |
||
| 300 |
_a606 pages , _c24 cm |
||
| 336 |
_2rda content _atext |
||
| 337 |
_2rda media _aComputer |
||
| 338 |
_2rda carrier _aOnline Resource |
||
| 546 | _aText in English | ||
| 650 | 1 | _aCriminal law | |
| 650 | 1 |
_aIslamic criminal system _zSaudi Arabia |
|
| 651 | 1 | _2qrmak | |
| 856 | 4 | 0 | _uhttps://fll.law.cu.edu.eg/fulltext/bks/B10-11078.pdf |
| 905 | _a60 | ||
| 942 |
_2ddc _cBK _e21 _n0 |
||
| 999 |
_c74690 _d74690 |
||